Statistics for All countries by furthest point from Equator, with a map.

Click here to take the quiz!

General Stats

  • This quiz has been taken 2,019 times
  • The average score is 121 of 196

Answers on the Map

Answers color-coded by a green-red scale on the quiz's map according to % correct below.
 

Answer Stats

LatCountry% Correct
83°06'NCCanada
100%
81°51'NRRussia
99%
80°49'NNNorway
97%
70°05'NFFinland
96%
67°08'NIIceland
96%
69°04'NSSweden
96%
71°23'NUUnited States
96%
57°45'NDDenmark
95%
59°48'NEEstonia
95%
58°05'NLLatvia
95%
60°51'NUUnited Kingdom
95%
56°27'NLLithuania
89%
56°08'NBBelarus
88%
55°26'NIIreland
87%
55°43'NKKazakhstan
87%
56°32'SCChile
85%
55°03'NGGermany
85%
54°50'NPPoland
85%
55°04'SAArgentina
83%
53°34'NCChina
83%
51°05'NFFrance
83%
52º09'NMMongolia
83%
53°32'NNNetherlands
83%
52º22'NUUkraine
83%
55°03'SAAustralia
82%
49°01'NAAustria
82%
51°30'NBBelgium
82%
48°35'NHHungary
82%
51°02'NCCzech Republic
81%
50°11'NLLuxembourg
81%
48°28'NMMoldova
81%
48°15'NRRomania
81%
49°36'NSSlovakia
81%
47°48'NSSwitzerland
81%
47°05'NIItaly
80%
45°31'NJJapan
80%
47°14'NLLiechtenstein
80%
52°37'SNNew Zealand
80%
46°33'NCCroatia
79%
46°11'NSSerbia
79%
46°52'NSSlovenia
79%
45°36'NUUzbekistan
79%
45°16'NBBosnia and Herzegovina
78%
44°13'NBBulgaria
78%
46°59'SSSouth Africa
77%
43º47'NSSpain
77%
43°35'NGGeorgia
76%
43°16'NKKyrgyzstan
76%
43°00'NNNorth Korea
76%
41°43'NGGreece
75%
43°14'NKKosovo
75%
43°32'NMMontenegro
75%
42°07'NPPortugal
75%
43°59'NSSan Marino
75%
42°50'NTTurkmenistan
75%
41°54'NVVatican City
75%
42°30'NAAlbania
74%
41°17'NAArmenia
74%
41°53'NAAzerbaijan
74%
39°47'NIIran
74%
37°23'NIIraq
74%
42°21'NNNorth Macedonia
74%
41°02'NTTajikistan
74%
42°06'NTTurkey
74%
38°22'NAAfghanistan
73%
35°30'NIIndia
73%
33°22'NJJordan
73%
37°06'NPPakistan
73%
38°36'NSSouth Korea
73%
37°19'NSSyria
73%
37°05'NAAlgeria
72%
42°39'NAAndorra
72%
35°42'NCCyprus
72%
33°17'NIIsrael
72%
34°43'NLLebanon
72%
36°05'NMMalta
72%
43°45'NMMonaco
72%
35°55'NMMorocco
72%
37°31'NTTunisia
72%
31°36'NEEgypt
71%
33°10'NLLibya
71%
35°02'SUUruguay
71%
30°06'NKKuwait
70%
32°43'NMMexico
70%
30°26'NNNepal
70%
32°14'NSSaudi Arabia
70%
33°45'SBBrazil
69%
26°30'NOOman
69%
26°09'NQQatar
69%
28°20'NBBhutan
68%
30°40'SLLesotho
68%
27°19'SEEswatini
67%
28°32'NMMyanmar
67%
26°05'NUUnited Arab Emirates
67%
27°16'NBBahamas
66%
28°58'SNNamibia
66%
27°43'SPParaguay
66%
22°25'SZZimbabwe
66%
26°38'NBBangladesh
65%
26°54'SBBotswana
65%
27°19'NMMauritania
65%
26°23'NTTaiwan
65%
23°22'NVVietnam
65%
25°37'SMMadagascar
64%
26°52'SMMozambique
64%
18°59'NYYemen
64%
26°17'NBBahrain
63%
23°26'NCChad
63%
23°16'NCCuba
63%
25°00'NMMali
63%
23°31'NNNiger
63%
22°54'SBBolivia
62%
18°31'NJJamaica
62%
22°29'NLLaos
62%
18°05'SZZambia
62%
19°55'NDDominican Republic
61%
21°44'SFFiji
61%
20°04'NHHaiti
61%
20°15'SVVanuatu
61%
22°12'NSSudan
60%
21°07'NPPhilippines
59%
18°02'SAAngola
58%
18°29'NBBelize
58%
18°00'NEEritrea
58%
18°21'SPPeru
58%
20°27'NTThailand
58%
22°21'STTonga
58%
17°49'NGGuatemala
57%
17°24′NHHonduras
57%
20°32'SMMauritius
56%
17°44'NAAntigua and Barbuda
54%
17°07'SMMalawi
53%
17°12'NCCape Verde
52%
17°26'NSSaint Kitts and Nevis
52%
16°41'NSSenegal
52%
15º40'NVVenezuela
52%
15°38'NDDominica
50%
14°53'NEEthiopia
50%
15°01'NNNicaragua
50%
15°05'NBBurkina Faso
49%
15°50'NCColombia
49%
14°26'NEEl Salvador
48%
14°30'NCCambodia
47%
13°50'NNNigeria
44%
14°07'NSSaint Lucia
44%
13°27'SDDemocratic Republic of the Congo
43%
12°41'NGGuinea
42%
14°32'NMMarshall Islands
42%
12°43'NDDjibouti
41%
13°49'NGGambia
41%
12°41'NGGuinea-Bissau
41%
14°04'SSSamoa
40%
11°26'SKKiribati
39%
13°22'NSSaint Vincent and the Grenadines
39%
13°20'NBBarbados
38%
13°05'NCCameroon
38%
11°00'SIIndonesia
38%
11°45'STTanzania
38%
12°25'NBBenin
37%
12°25'SCComoros
37%
12°31'NGGrenada
37%
11°46'SPPapua New Guinea
37%
11°59'NSSomalia
37%
12°14'NSSouth Sudan
36%
11º13'NCCosta Rica
35%
05°00'SEEcuador
35%
00°33'SNNauru
35%
02°51'SRRwanda
35%
11º47'SSSolomon Islands
35%
04°14'NUUganda
35%
03°47'NEEquatorial Guinea
34%
11°10'NGGhana
34%
05°35'NKKenya
34%
09°38'NPPanama
34%
11°08'NTTogo
34%
11º21'NTTrinidad and Tobago
34%
04°28'SBBurundi
33%
11°01'NCCentral African Republic
33%
10°44'NIIvory Coast
33%
10°05'NFFederated States of Micronesia
32%
03°59'SGGabon
32%
10°48'STTuvalu
32%
08°24'NGGuyana
31%
07°15'NMMalaysia
31%
05°02'SRRepublic of the Congo
31%
10°13'SSSeychelles
31%
01°28'NSSingapore
31%
09°30'SEEast Timor
30%
08°33'NLLiberia
30%
08°10'NPPalau
30%
01°42'NSSão Tomé and Príncipe
30%
09°59'NSSierra Leone
30%
09°30'NSSri Lanka
30%
06°01'NSSuriname
30%
05°04'NBBrunei
29%
07°07'NMMaldives
29%

Score Distribution

Percentile by Number Answered

Percent of People with Each Score

Your Score History

You have not taken this quiz